000 00351nam a2200145Ia 4500
008 100122s9999 xx 000 0 und d
082 _b59144
_a291.211
100 _aCHINMAY MISSION
245 _aGLORY OF GANESHA
260 _bCHINMAY MISSION
_c1986
300 _a186
630 _aGLORY OF GANESHA
730 _aGLORY OF GANESHA
942 _cBOOK
999 _c377468
_d377465